Poèmes français - Statistiques

Statistiques générales
  • Ce quiz a été pris 629 fois
  • Le résultat moyen est 5 sur 15
Statistiques - réponses
Hint Réponse % Correct
Demain dès l'aube Hugo
84%
Mignonne, allons voir si la rose Ronsard
61%
Le lac Lamartine
48%
Les yeux d'Elsa Aragon
46%
Liberté Eluard
46%
L'invitation au voyage Baudelaire
45%
Je vis, je meurs Louise Labé
38%
Ma bohème Rimbaud
35%
Il pleure dans mon coeur Verlaine
32%
Barbara Prévert
24%
Fraternité de la parole Andrée Chédid
20%
La chanson du mal-aimé Apollinaire
20%
La mort du loup Vigny
19%
La nuit d'octobre Musset
17%
Midi Leconte de Lisle
12%
Aucun quiz correspondant
Distribution des résultats
% des personnes avec chaque résultat
Percentile par nombre de réponses
Votre historique - résultats
Vous n’avez pas pris ce quiz